000 00768nam a22002297a 4500
003 BD-DhJNU
005 20250922081001.0
008 250922b |||||||| |||| 00| 0 eng d
020 _a9781571313355
040 _aBD-DhJNU
_bENG
_cBD-DhJNU
_dBD-DhJNU
082 _223
_a305.597 KIB
100 _aKimmerer, Robin Wall
245 _aBraiding sweetgrass :
_bindigenous wisdom, scientific knowledge and the teachings of plants /
_cRobin Wall Kimmerer
260 _aCanada :
_bMilkweed Editions,
_c2013.
300 _ax, 392p. :
_bill. ;
_c25 cm.
504 _aIncludes bibliographical references
650 _aKimmerer, Robin Wall
650 _aIndian philosophy
650 _aIndigenous peoples
_vEcology
650 _aPhilosophy of nature
942 _2ddc
_cBK
_n0
999 _c2151
_d2151